Normal view MARC view
  • Emberly, Ed,

Entry Nombre Personal

Number of records used in: 1

001 - NUMERO DE CONTROL

  • campo de control: 38777

003 - IDENTIFICADOR DE NUMERO DE CONTROL

  • campo de control: UPN

005 - FECHA Y HORA DE LA ÜLTIMA TRANSACCIÓN

  • campo de control: 20210219194539.0

008 - DATOS DE LONGITUD FIJA

  • campo de control de longitud fija: nabaccnnaabn|||||||||| b |nc|||||d

035 ## - NUMERO DE CONTROL

  • Número de control: UPN11000010884

040 ## - FUENTE DE CATALOGACIÓN

  • Lenguaje de catalogación: SPA
  • Agencia de transcripción: UPN

100 1# - ENCABEZAMIENTO - NOMBRE PERSONAL

  • Nombre personal: Emberly, Ed,
  • Fechas asociadas con el nombre: 1931-

670 ## - FUENTE EN LA QUE SE LOCALIZARON DATOS

  • Cita de la fuente: T
  • Uniform Resource Identifier: http://www.oceanotravesia.mx/ficha-autor.aspx?id=745

680 ## - NOTA PUBLICA DE ACCESO PÚBLICO

  • Frase explicativa de la referencia: Estadounodense, artista e ilustrador de libros infantiles, estudió la licenciatura en Bellas Artes en la Escuela de Arte de Massachusetts en Boston. También estudió en la Escuela de Diseño de Rhode Island en Nueva York. Ha ilustrado o colaborado en más de 50 libros.

902 ## - CATALOGADOR

  • Catalogador: MITM/240616